00634nam a22001695i 450000100060000000300090000600500170001500700030003200800410003504000200007610000360009624501970013226000400032930000210036971000490039085200250043953443ES-MaACL20230906162752.0t|950927s1884 sp ||||1| spa d aCAM bspa cCAM1 aEstévez y Martínez, José.10aDiscurso de recepción del académico José Estevez y Martínez ante la Academia Gaditana de Ciencias y Artes el 3 de agosto de 1884, sobre el origen y progresos de la ciencia económica. aCádiz : b[s.n.], c1884 (fOlea) a48 p. ; c20 cm.2 aReal Academia Gaditana de Ciencias y Letras. aES-MaACLjT-423-F-10